Państwa przez które przechodzi równik - Nagła śmierć - Statystyki

Ogólne statystyki
  • Ten quiz został rozwiązany 39 razy
  • Średni wynik to 4 z 10
Answers on the Grid
Answers color-coded by a green-red scale on the quiz's grid according to % correct below.
Kongo
Demokratyczna
Republika Konga
Kamerun
Angola
Malawi
Tanzania
Kenia
Somalia
Etiopia
Rwanda
Gabon
Uganda
Gwinea Równikowa
Indonezja
Papua Nowa Gwinea
Singapur
Tajlandia
Malezja
Brazylia
Wenezuela
Kolumbia
Ekwador
Surinam
Chile
Peru
Gujana
 
Statystyki odpowiedzi
Odpowiedź % Poprawnych
Brazylia
55%
Demokratyczna
Republika Konga
50%
Kongo
50%
Indonezja
45%
Kolumbia
35%
Gabon
30%
Kenia
30%
Ekwador
25%
Uganda
25%
Somalia
15%
Nie znaleziono quizów pasujących do podanych kryteriów
Rozkład punktacji
Procent ludzi z każdym wynikiem
Percentyl według liczby udzielonych odpowiedzi
Twoja historia wyników
Nie rozwiązałeś tego quizu